Primer festival de danza y música tradicionales del Estado de México (Record no. 10333)

MARC details
000 -CABECERA
campo de control de longitud fija 00816nam a2200229 a 4500
001 - NÚMERO DE CONTROL
campo de control BRL_1524
005 - FECHA Y HORA DE LA ÚLTIMA TRANSACCIÓN
campo de control 20190320211239.0
008 - DATOS DE LONGITUD FIJA--INFORMACIÓN GENERAL
campo de control de longitud fija 140214s1971----mx-ao#####---#000-0#spa-#
041 ## - CÓDIGO DE LENGUA
Código de lengua del texto/banda sonora o título independiente spa
044 ## - CÓDIGO DEL PAÍS DE LA ENTIDAD EDITORA/PRODUCTORA
Código MARC del país mx
050 #4 - SIGNATURA TOPOGRÁFICA DE LA BIBLIOTECA DEL CONGRESO
Número de clasificación GT4814.A3
Número de documento/Ítem .P75 1971
245 10 - MENCIÓN DE TÍTULO
Título Primer festival de danza y música tradicionales del Estado de México
260 ## - PUBLICACIÓN, DISTRIBUCIÓN, ETC.
Lugar de publicación, distribución, etc. Toluca
Nombre del editor, distribuidor, etc. Gobierno del Estado de México
Fecha de publicación, distribución, etc. 1971
300 ## - DESCRIPCIÓN FÍSICA
Extensión [56] p.
Otras características físicas il., fotografías (en blanco y negro)
Dimensiones 27 cm.
500 ## - NOTA GENERAL
Nota general Au1730
650 14 - PUNTO DE ACCESO ADICIONAL DE MATERIA--TÉRMINO DE MATERIA
Término de materia o nombre geográfico como elemento de entrada Festivales
Subdivisión geográfica Estado de México
9 (RLIN) 27166
650 14 - PUNTO DE ACCESO ADICIONAL DE MATERIA--TÉRMINO DE MATERIA
Término de materia o nombre geográfico como elemento de entrada Festividades religiosas
Subdivisión geográfica Estado de México
9 (RLIN) 27167
650 14 - PUNTO DE ACCESO ADICIONAL DE MATERIA--TÉRMINO DE MATERIA
Término de materia o nombre geográfico como elemento de entrada Danzas populares y nacionales
Subdivisión geográfica Estado de México
9 (RLIN) 27168
710 2# - PUNTO DE ACCESO ADICIONAL--NOMBRE DE ENTIDAD CORPORATIVA
Nombre de entidad corporativa o nombre de jurisdicción como elemento de entrada Gobierno del Estado de México
Unidad subordinada Dirección de Turismo. Dpto. de Difusión Cultural
9 (RLIN) 27169
902 ## - CATALOGADOR
Iniciales GRL
942 ## - ELEMENTOS DE PUNTO DE ACCESO ADICIONAL (KOHA)
Fuente del sistema de clasificación o colocación Library of Congress Classification
Tipo de ítem Koha Libros
Holdings
Estado de retiro Estado de pérdida Estado dañado No para préstamo Localización permanente Ubicación/localización actual Fecha de adquisición Número de inventario Total de préstamos Signatura topográfica completa Código de barras Fecha visto por última vez Precio válido a partir de Tipo de ítem Koha
El ejemplar forma parte de la colección y puede ser consultado según las políticas vigentes.       Biblioteca Centro de Estudios Ruth D. Lechuga Biblioteca Centro de Estudios Ruth D. Lechuga 14/02/2014 Au1730   GT4814.A3 .P75 1971 (Au1730) GRL01683 22/03/2019 22/03/2019 Libros